| 000 | 01170nam a22002657a 4500 | ||
|---|---|---|---|
| 005 | 20100802143330.0 | ||
| 010 | _aENG-97811 | ||
| 020 |
_a9789380190358 _c500.00 |
||
| 035 | _aEN-81344 | ||
| 035 | _aB-427800 | ||
| 037 | _bDBAD/PUB | ||
| 037 | _bAllied/DE2010/CR/2777/16.3.11/280/4.3.11/30.3.11 | ||
| 082 | _a658.3 | ||
| 100 |
_aBhrigu Nandan Singh _931372 |
||
| 245 |
_aPolicies and practices of personnel management / _cby Bhrigu Nandan singh |
||
| 260 |
_aNew Delhi _bSatyam Publishing House _c2010 |
||
| 270 |
_aN-3/25,Mohan Garden Uttam Nagar _bNew Delhi _e110059 |
||
| 300 |
_a229p _c21cm (Hb) |
||
| 500 | _ainhcludes bibliographical references | ||
| 650 |
_aHuman resource management _931373 |
||
| 942 |
_2ddc _cEN _h658.3 _mBHR |
||
| 999 |
_c38681 _d38681 |
||